00718nam a22001935i 4500001000700000003000900007005001700016008004100033040003000074100002600104245009300130260009800223300002700321490004800348650001900396752002400415830004800439852003700487156972ES-MaACL20250807065806.0000724s1898 fr |||| | fre d aCCPB | B bspa cCCPB | B1 aLampériére, Anna.13aLe role social de la femme b: devoirs, droits, éducation / cpar Anna Lampériére. aParis : bancienne librairie Germer Baillière et Cie. : bFélix Alcan, éditeur, c1898. a174, [2] p. ; c18 cm.1 aBibliothèque de philosophie contemporaine 7aMujeres2embne aFrancia - dParís0 aBibliothèque de philosophie contemporaine aES-MaACLjF-11914 z-- Enc. hol.